000 00494nam a2200193Ia 4500
008 151121s9999||||xx |||||||||||||| ||und||
082 _a321।942/ELT
082 _bHNW-60457
100 _aElton L।।
245 _aSt।George Or The Dragon
260 _b"Collins Pall Mall, London।"
260 _c--
300 _a194
600 _aElton L।।
630 _aSt।George Or The Dragon
700 _aElton L।।
730 _aSt।George Or The Dragon
942 _cBOOK
999 _c1242006
_d1242003